<?xml version="1.0" encoding="UTF-8"?>
<record
    xmlns:xsi="http://www.w3.org/2001/XMLSchema-instance"
    xsi:schemaLocation="http://www.loc.gov/MARC21/slim http://www.loc.gov/standards/marcxml/schema/MARC21slim.xsd"
    xmlns="http://www.loc.gov/MARC21/slim">

  <leader>00731nam a2200241 a 4500</leader>
  <controlfield tag="001">BRCA_7406</controlfield>
  <controlfield tag="005">20190320205826.0</controlfield>
  <controlfield tag="008">230313s1910----mx-#######---#000-0#spa-#</controlfield>
  <datafield tag="041" ind1=" " ind2=" ">
    <subfield code="a">spa</subfield>
  </datafield>
  <datafield tag="044" ind1=" " ind2=" ">
    <subfield code="a">mx</subfield>
  </datafield>
  <datafield tag="050" ind1=" " ind2="4">
    <subfield code="a">F1219</subfield>
    <subfield code="b">.B38 1910</subfield>
  </datafield>
  <datafield tag="100" ind1="1" ind2=" ">
    <subfield code="a">Batres, Leopoldo</subfield>
    <subfield code="d">1852-1926</subfield>
    <subfield code="9">18271</subfield>
  </datafield>
  <datafield tag="245" ind1="1" ind2="0">
    <subfield code="a">La isla de sacrificios, la se&#xF1;ora Zelia Nuttall de Pinard y Leopoldo Batres</subfield>
    <subfield code="c">Leopoldo Batres.</subfield>
  </datafield>
  <datafield tag="260" ind1=" " ind2=" ">
    <subfield code="a">M&#xE9;xico</subfield>
    <subfield code="b">Tip. Econ&#xF3;mica</subfield>
    <subfield code="c">1910</subfield>
  </datafield>
  <datafield tag="300" ind1=" " ind2=" ">
    <subfield code="a">10 p.</subfield>
  </datafield>
  <datafield tag="500" ind1=" " ind2=" ">
    <subfield code="a">Q134</subfield>
  </datafield>
  <datafield tag="600" ind1="1" ind2="4">
    <subfield code="a">Nuttall, Mrs. Zelia</subfield>
    <subfield code="d">1858-1933</subfield>
    <subfield code="9">18272</subfield>
  </datafield>
  <datafield tag="610" ind1="2" ind2="4">
    <subfield code="a">Isla de Sacrificios, M&#xE9;xico</subfield>
    <subfield code="9">18273</subfield>
  </datafield>
  <datafield tag="650" ind1="1" ind2="4">
    <subfield code="a">Indios de M&#xE9;xico</subfield>
    <subfield code="x">Antig&#xFC;edades</subfield>
    <subfield code="9">18274</subfield>
  </datafield>
  <datafield tag="651" ind1=" " ind2="4">
    <subfield code="a">M&#xE9;xico</subfield>
    <subfield code="x">Antig&#xFC;edades</subfield>
    <subfield code="9">2765</subfield>
  </datafield>
  <datafield tag="902" ind1=" " ind2=" ">
    <subfield code="a">GFM</subfield>
  </datafield>
  <datafield tag="942" ind1=" " ind2=" ">
    <subfield code="2">lcc</subfield>
    <subfield code="c">B</subfield>
  </datafield>
  <datafield tag="999" ind1=" " ind2=" ">
    <subfield code="c">7082</subfield>
    <subfield code="d">7082</subfield>
  </datafield>
  <datafield tag="952" ind1=" " ind2=" ">
    <subfield code="0">0</subfield>
    <subfield code="1">0</subfield>
    <subfield code="4">0</subfield>
    <subfield code="7">0</subfield>
    <subfield code="a">BRCA</subfield>
    <subfield code="b">BRCA</subfield>
    <subfield code="d">2013-03-23</subfield>
    <subfield code="i">Q134</subfield>
    <subfield code="l">0</subfield>
    <subfield code="o">F1219 .B38 1910 (Q134)</subfield>
    <subfield code="p">8009</subfield>
    <subfield code="r">2019-03-22 00:00:00</subfield>
    <subfield code="w">2019-03-22</subfield>
    <subfield code="y">B</subfield>
  </datafield>
</record>
